| 000 | 00719nam a2200229 a 4500 | ||
|---|---|---|---|
| 005 | 20240910064249.0 | ||
| 008 | 991125m19902006mx 000 0 spa u | ||
| 020 | _a9688533416 | ||
| 035 | _aUPN01000004081 | ||
| 049 | _aCG | ||
| 050 | 4 |
_aLB1051 _bC6.3 |
|
| 100 | 1 |
_aColl, Salvador César _931896 |
|
| 245 | 1 | 0 |
_aAprendizaje escolar y construcción del conocimiento / _cCésar Coll Salvador. |
| 260 |
_aMéxico : _bPaidós, _c1990 (2006 impr.). |
||
| 300 | _a206 p. | ||
| 440 | 0 |
_aPaidós educador ; _v92 |
|
| 590 | _a(También localizas un ejemplar en el "Area de Reserva") | ||
| 590 | _aBibliografía Básica (BGTQ) | ||
| 650 | 4 |
_aAprendizaje _92861 |
|
| 650 | 4 |
_aTeoría del conocimiento _91707 |
|
| 905 | _aLibro | ||
| 999 |
_c4081 _d4081 |
||